• 首页
  • 本馆介绍
  • 公告通知
  • 最新文献
  • 馆藏检索
  • 电子资源
  • 读者导购
  • 参考咨询
  • 我的图书馆
  • 登录
  • 详细信息显示
  • 放入我的书架
  • 预约/预借图书
  • 作者相关作品
  • 分类相关作品
  • 丛书相关作品
  • 出版社相关作品

书目信息

  • 表格格式
  • 工作单格式
  • 卡片格式
题名:
离退休干部关心的若干问题
    
 
作者: ;中共中央组织部老干部局 , 人事部工资福利与离退休司 , 中共中央组织部老干部局 编
分册:  
出版信息: 北京   北京广播学院出版社  2003
页数: 21, 259页
开本: 21cm
丛书名:
单 册:
中图分类: D632.2
科图分类:
主题词: 离休--干部政策--基本知识--中国 , 退休--干部政策--基本知识--中国 , 离休 , 干部政策 , 退休
电子资源:
ISBN: 7-81085-238-8
000 01469nam0 2200373 450
000 01434nam0 2200361 450
000 01397nam0 2200349 450
000 01187nam0 2200337 450
000 01150nam0 2200325 450
000 01083nam0 2200301 450
001 0104000022
005 20061016094706.84
010    @a7-81085-238-8@dCNY18.80
100    @a20051012d2003 em y0chiy0110 ea
101 0  @achi
102    @aCN@b110000
105    @ay z 000yy
200 1  @a离退休干部关心的若干问题@Ali tui xiu gan bu guan xin de ruo gan wen ti@f中共中央组织部老干部局, 人事部工资福利与离退休司编@Fzhong gong zhong yang zu zhi bu lao gan bu ju,ren shi bu gong zi fu li yu li tui xiu si bian
210    @a北京@c北京广播学院出版社@d2003
215    @a21, 259页@d21cm
330    @a本书共4部分,包括离休干部政策;退休干部政策;离退休干部政策;时事政策新概念。
606 0  @a离休@x干部政策@x基本知识@y中国
606 0  @a退休@x干部政策@x基本知识@y中国
606 0  @a离休
606 0  @a干部政策
606 0  @a退休
690    @aD632.2@v4
711 02 @a中共中央组织部老干部局@9zhong gong zhong yang zu zhi bu lao gan bu ju@4编
711 02 @a人事部工资福利与离退休司@9ren shi bu gong zi fu li yu li tui xiu si@4编
711  0 @a中共中央组织部老干部局@Azhong gong zhong yang zu zhi bu lao gan bu ju@4编
801  0 @aCN@b北京荣雅伟业图书经销中心@c20061016
905    @aBZT@dD632.2@e2
906    @dCNY18.80@n0@r1
    
    离退休干部关心的若干问题/中共中央组织部老干部局, 人事部工资福利与离退休司编.-北京:北京广播学院出版社,2003
    21, 259页;21cm
    
    
    ISBN 7-81085-238-8:CNY18.80
    本书共4部分,包括离休干部政策;退休干部政策;离退休干部政策;时事政策新概念。
●
相关链接 在五车中查询图书 在当当中查询图书 在豆瓣中查询图书


正题名:离退休干部关心的若干问题     索取号:D632.2/2         预约/预借

序号 登录号 条形码 馆藏地/架位号 状态 备注
1 502566   230072798   中心书库南/011架B面5层2列/ [索取号:D632.2/2] 在馆    
2 502567   230072799   中心书库南/011架B面5层2列/ [索取号:D632.2/2] 在馆    
3 502568   230072800   中心书库南/011架B面5层2列/ [索取号:D632.2/2] 在馆    
4 502569   230072801   中心书库南/011架B面5层2列/ [索取号:D632.2/2] 在馆    
5 502570   230072802   中心书库南/011架B面5层2列/ [索取号:D632.2/2] 在馆    
山东省滨州职业学院图书馆 欢迎您!
大连网信软件有限公司© 版权所有